[Event "RA  National Capital op"]
[Site "Ottawa CAN"]
[Date "2023.11.03"]
[Round "1.4"]
[White "Han, Johnathan"]
[Black "Nassar, Mark"]
[Result "1-0"]
[WhiteElo "2418"]
[BlackElo "2014"]
[PlyCount "67"]
[EventDate "2023.11.03"]
[EventType "swiss"]
[EventRounds "5"]
[EventCountry "CAN"]

1. e4 c5 2. Nf3 e6 3. d4 cxd4 4. Nxd4 Nf6 5. Nc3 Nc6 6. Ndb5 d6 7. Bf4 e5 8.
Bg5 a6 9. Na3 b5 10. Nd5 Be7 11. Bxf6 Bxf6 12. c3 O-O 13. Nc2 Rb8 14. h4 a5 15.
Nce3 g6 16. g3 Bg7 17. h5 Be6 18. a3 Ne7 19. Bh3 Nxd5 20. Nxd5 Qg5 21. hxg6
hxg6 22. Bxe6 fxe6 23. Ne3 d5 24. exd5 e4 25. dxe6 Rf3 26. Qd6 Rd8 27. e7 Rxd6
28. e8=Q+ Rf8 29. Qxe4 Qd8 30. O-O Re8 31. Qg4 Qb6 32. Rad1 Rde6 33. Nd5 Qc5
34. Nf4 1-0

[Event "RA  National Capital op"]
[Site "Ottawa CAN"]
[Date "2023.11.04"]
[Round "2.4"]
[White "Wang, Derek"]
[Black "Han, Johnathan"]
[Result "0-1"]
[WhiteElo "2094"]
[BlackElo "2418"]
[PlyCount "114"]
[EventDate "2023.11.03"]
[EventType "swiss"]
[EventRounds "5"]
[EventCountry "CAN"]

1. Nf3 c5 2. d4 cxd4 3. Nxd4 Nc6 4. c4 Nf6 5. Nc3 g6 6. e3 Bg7 7. Be2 O-O 8.
O-O d5 9. Bf3 dxc4 10. Nxc6 bxc6 11. Qa4 Be6 12. Rd1 Qc7 13. Qxc6 Qxc6 14. Bxc6
Rab8 15. e4 Ng4 16. Ba4 Ne5 17. Bc2 Nc6 18. Rb1 Nb4 19. Ba4 Nd3 20. Bc2 Nxc1
21. Rdxc1 Rfd8 22. Rd1 Rxd1+ 23. Nxd1 Rd8 24. Ne3 Bh6 25. Nd5 Bxd5 26. exd5
Rxd5 27. Rd1 Rb5 28. b3 c3 29. Kf1 Bd2 30. Rb1 Rd5 31. Rd1 Ra5 32. a4 Rh5 33.
h3 a5 34. Rb1 Rh4 35. Rd1 Kg7 36. Ke2 Kf6 37. Rb1 Rb4 38. Rd1 e5 39. Rb1 Ke6
40. Rd1 Kd6 41. Rb1 Kc5 42. Rd1 Rd4 43. Ra1 Kb4 44. f3 h5 45. g3 Rd8 46. Rb1
Rd6 47. Kf2 Bh6 48. Rd1 Rxd1 49. Bxd1 Ka3 50. Ke2 Kb2 51. Kd3 f5 52. b4 axb4
53. a5 b3 54. a6 c2 55. Bxc2 bxc2 56. a7 c1=Q 57. a8=B Qc2# 0-1

[Event "RA  National Capital op"]
[Site "Ottawa CAN"]
[Date "2023.11.04"]
[Round "3.1"]
[White "Han, Johnathan"]
[Black "Sambuev, Bator"]
[Result "1/2-1/2"]
[WhiteElo "2418"]
[BlackElo "2575"]
[PlyCount "88"]
[EventDate "2023.11.03"]
[EventType "swiss"]
[EventRounds "5"]
[EventCountry "CAN"]

1. e4 e5 2. Nf3 Nc6 3. Bb5 a6 4. Ba4 Nf6 5. O-O d6 6. Re1 Bd7 7. c3 g6 8. d4
Bg7 9. h3 O-O 10. Bc2 Nh5 11. a4 b6 12. Na3 h6 13. Nc4 Re8 14. Be3 exd4 15.
cxd4 Nb4 16. Bb1 a5 17. Qd2 g5 18. d5 Qe7 19. Ra3 Qf8 20. Bd4 Nf4 21. Ne3 Na6
22. Bxg7 Qxg7 23. Nd4 Nc5 24. Nef5 Bxf5 25. Nxf5 Qf6 26. Rf3 Re5 27. g3 Nh5 28.
Nd4 Qg7 29. Rfe3 f6 30. Nf5 Qg6 31. Kh2 Kh8 32. f4 Ree8 33. e5 gxf4 34. gxf4
fxe5 35. Nh4 Qf6 36. Ng6+ Kg8 37. fxe5 dxe5 38. Rxe5 Rxe5 39. Rxe5 Ng7 40. Ne7+
Kh8 41. Ng6+ Kg8 42. Qe2 Nd7 43. Ne7+ Kh8 44. Ng6+ Kg8 1/2-1/2

[Event "RA  National Capital op"]
[Site "Ottawa CAN"]
[Date "2023.11.05"]
[Round "4.3"]
[White "Latorre, Vincent"]
[Black "Han, Johnathan"]
[Result "1-0"]
[WhiteElo "2239"]
[BlackElo "2418"]
[PlyCount "141"]
[EventDate "2023.11.03"]
[EventType "swiss"]
[EventRounds "5"]
[EventCountry "CAN"]

1. e4 c5 2. Nf3 d6 3. d4 cxd4 4. Nxd4 Nf6 5. Nc3 a6 6. h4 e5 7. Nb3 Be7 8. f3
Be6 9. Be3 b5 10. Qd2 Nbd7 11. O-O-O O-O 12. g4 b4 13. Nd5 Bxd5 14. exd5 Nb6
15. Na5 Nbxd5 16. Nc6 Qc7 17. Nxe7+ Nxe7 18. Qxd6 Qb7 19. Bc4 Rfc8 20. b3 Nc6
21. Bg5 Ne8 22. Qd7 Rc7 23. Qf5 Rac8 24. Kb1 Nd4 25. Qxe5 Nxf3 26. Qd5 Qxd5 27.
Rxd5 Rc5 28. Rxc5 Rxc5 29. Bf4 Nf6 30. Rd1 Rc8 31. Bxa6 Re8 32. Bb5 Rc8 33. Bd6
Rd8 34. Be2 Nxh4 35. Bxb4 Re8 36. Bb5 Rb8 37. a4 Nxg4 38. Be7 Nf5 39. Rd8+ Rxd8
40. Bxd8 Nd4 41. Bc4 Ne3 42. Bd3 Nc6 43. Bg5 Nd5 44. Bd2 Kf8 45. Be4 Nde7 46.
a5 f5 47. Bf3 Ke8 48. b4 g5 49. b5 Nd4 50. Bh5+ Kd7 51. c4 g4 52. Be3 Ne6 53.
a6 Nc7 54. a7 Na8 55. Kc2 Nc8 56. Bf7 f4 57. Bxf4 Nxa7 58. Bh5 Nb6 59. Bxg4+
Ke7 60. Be2 Kf6 61. Be3 Nac8 62. c5 Nd5 63. Bd4+ Kf5 64. Bf3 Nce7 65. c6 Kf4
66. Bxd5 Nxd5 67. Kd3 h5 68. Kc4 Ne7 69. Bc5 Ng6 70. Bd6+ Kf5 71. c7 1-0

[Event "RA  National Capital op"]
[Site "Ottawa CAN"]
[Date "2023.11.05"]
[Round "5.4"]
[White "Han, Johnathan"]
[Black "Ajith, Aayush"]
[Result "1/2-1/2"]
[WhiteElo "2418"]
[BlackElo "2131"]
[PlyCount "76"]
[EventDate "2023.11.03"]
[EventType "swiss"]
[EventRounds "5"]
[EventCountry "CAN"]

1. e4 c5 2. Nf3 d6 3. d4 cxd4 4. Nxd4 Nf6 5. Nc3 a6 6. Bg5 e6 7. f4 Be7 8. Qf3
Qc7 9. O-O-O Nbd7 10. f5 e5 11. Nde2 b5 12. Bxf6 Nxf6 13. Nd5 Nxd5 14. exd5 Qc5
15. h4 Bd8 16. Ng3 Bb6 17. Kb1 Qe3 18. Qg4 g6 19. Bd3 h5 20. Qh3 Qh6 21. Qh2
O-O 22. Rhf1 Bd7 23. Rf3 Be3 24. Ne2 e4 25. Bxe4 Rae8 26. Qxd6 Rxe4 27. Qxd7
Bd2 28. Ng3 Re1 29. Rxe1 Bxe1 30. fxg6 Qxg6 31. Nf5 Qxg2 32. Qe7 Bxh4 33. Qe3
Qh1+ 34. Qc1 Qxf3 35. Nxh4 Qxd5 36. a3 Rd8 37. Qg1+ Kh7 38. Qf2 Qd1+ 1/2-1/2

[Event "Wch U20"]
[Site "Mexico City MEX"]
[Date "2023.09.22"]
[Round "2.18"]
[White "Han, Johnathan"]
[Black "Stefansson, Vignir Vatnar"]
[Result "0-1"]
[WhiteElo "2252"]
[BlackElo "2484"]
[PlyCount "110"]
[EventDate "2023.09.21"]
[EventType "swiss"]
[EventRounds "11"]
[EventCountry "MEX"]
[Source "Mark Crowther"]
[SourceDate "2023.09.25"]

1. e4 d6 2. d4 Nf6 3. Nc3 Nbd7 4. Nf3 e5 5. Bc4 Be7 6. O-O c6 7. a4 a5 8. Re1
h6 9. Be3 Ng4 10. Bc1 Ngf6 11. Be3 Qc7 12. h3 g5 13. Nd2 Nf8 14. Be2 Ne6 15.
Nc4 Nf4 16. dxe5 dxe5 17. Bb6 Qb8 18. Qd2 Be6 19. Rad1 O-O 20. Nd6 Nd7 21. Be3
Rd8 22. Nf5 Bxf5 23. exf5 Nf6 24. Qc1 Qc8 25. Bxf4 exf4 26. Bd3 Bb4 27. Ne4
Qxf5 28. c3 Bc5 29. Nxf6+ Qxf6 30. Be4 Qg7 31. Bf3 f5 32. Rxd8+ Rxd8 33. b4 Bb6
34. Re6 Kf7 35. Qe1 Be3 36. fxe3 Kxe6 37. exf4+ Kd6 38. b5 Qe7 39. Qf2 c5 40.
b6 Ke6 41. fxg5 hxg5 42. h4 gxh4 43. Qe3+ Kd7 44. Qd3+ Kc8 45. Qxf5+ Kb8 46.
Qf4+ Rd6 47. Kh2 Qf6 48. Qe3 Rxb6 49. Qxc5 Qf4+ 50. Kg1 Rb1+ 51. Kf2 Rb2+ 52.
Kg1 h3 53. Qh5 hxg2 54. Bxg2 Qf2+ 55. Kh1 Qxg2# 0-1

[Event "Wch U20"]
[Site "Mexico City MEX"]
[Date "2023.09.23"]
[Round "4.18"]
[White "Han, Johnathan"]
[Black "Gharibyan, Mamikon"]
[Result "0-1"]
[WhiteElo "2252"]
[BlackElo "2495"]
[PlyCount "94"]
[EventDate "2023.09.21"]
[EventType "swiss"]
[EventRounds "11"]
[EventCountry "MEX"]
[Source "Mark Crowther"]
[SourceDate "2023.09.25"]

1. e4 e5 2. Nf3 Nc6 3. Bb5 a6 4. Ba4 Nf6 5. O-O Nxe4 6. d4 b5 7. Bb3 d5 8. dxe5
Be6 9. Nbd2 Be7 10. c3 O-O 11. Bc2 f5 12. Nd4 Nxd4 13. cxd4 Qd7 14. Nb3 a5 15.
f3 a4 16. fxe4 axb3 17. Bxb3 fxe4 18. Be3 c6 19. Rc1 Rac8 20. Rxf8+ Bxf8 21.
Qd2 Qa7 22. Qf2 Be7 23. Rc2 h6 24. Qd2 Kh7 25. Qc1 Qa6 26. h3 b4 27. Qf1 Qa5
28. Qc1 Qb5 29. Qf1 Qb6 30. Qc1 Qa6 31. Qf1 Qd3 32. Qxd3 exd3 33. Rc1 Kg6 34.
Ba4 Bd7 35. Kf2 Bh4+ 36. g3 Rf8+ 37. Kg2 Bg5 38. Bxg5 hxg5 39. Bd1 Bf5 40.
Rxc6+ Kh7 41. e6 Re8 42. Bh5 Re7 43. Kf2 Bxe6 44. Rc1 g4 45. Re1 gxh3 46. Kg1
Bg4 47. Rxe7 Bxh5 0-1

[Event "Wch-U20"]
[Site "Mexico City MEX"]
[Date "2023.09.24"]
[Round "5.36"]
[White "Leal Escamilla, Daniel Zinedine"]
[Black "Han, Johnathan"]
[Result "0-1"]
[WhiteElo "1816"]
[BlackElo "2252"]
[PlyCount "62"]
[EventDate "2023.09.21"]
[EventType "swiss"]
[EventRounds "11"]
[EventCountry "MEX"]
[Source "Mark Crowther"]
[SourceDate "2023.10.02"]

1. e4 c5 2. Nc3 Nc6 3. Bb5 Nd4 4. Bc4 Nf6 5. Nge2 e6 6. d3 Nc6 7. a4 Be7 8. f4
d5 9. Ba2 O-O 10. O-O a6 11. e5 Nd7 12. h3 b5 13. g4 Bb7 14. Ng3 Qb6 15. Kh2
Nb4 16. Nce2 Nxa2 17. Rxa2 f6 18. exf6 Rxf6 19. g5 Rf7 20. h4 Raf8 21. Bd2 g6
22. a5 Qc6 23. Ra1 e5 24. c3 Bd6 25. Qc1 Qc7 26. fxe5 Rxf1 27. Nxf1 Nxe5 28.
Kg1 Nf3+ 29. Kh1 Qd7 30. Kg2 Nxh4+ 31. Kg1 Qg4+ 0-1

[Event "Wch-U20"]
[Site "Mexico City MEX"]
[Date "2023.09.26"]
[Round "6.22"]
[White "Han, Johnathan"]
[Black "Boyer, Mahel"]
[Result "0-1"]
[WhiteElo "2252"]
[BlackElo "2471"]
[PlyCount "72"]
[EventDate "2023.09.21"]
[EventType "swiss"]
[EventRounds "11"]
[EventCountry "MEX"]
[Source "Mark Crowther"]
[SourceDate "2023.10.02"]

1. e4 c6 2. d4 d5 3. Nd2 dxe4 4. Nxe4 Nf6 5. Nxf6+ exf6 6. c3 Bd6 7. Bd3 O-O 8.
Ne2 Nd7 9. Qc2 h6 10. O-O Re8 11. Be3 Nf8 12. Rae1 Bg4 13. h3 Bh5 14. Nf4 Bxf4
15. Bxf4 Bg6 16. Rd1 Qa5 17. Qb3 b5 18. Bd6 Bxd3 19. Rxd3 Nd7 20. d5 c5 21. Rg3
Re4 22. Qd1 Qa6 23. Qf3 Rae8 24. Bf4 f5 25. b4 Qf6 26. bxc5 Nxc5 27. Be3 Rxe3
28. fxe3 Ne4 29. Rd1 Qd6 30. Kh2 g5 31. Rd4 Kf8 32. c4 bxc4 33. Rxc4 Nd2 34.
Qxf5 Nxc4 35. e4 Nd2 36. e5 Qxe5 0-1

[Event "Wch-U20"]
[Site "Mexico City MEX"]
[Date "2023.09.27"]
[Round "7.33"]
[White "Pastor Carvajal, Jeigoth"]
[Black "Han, Johnathan"]
[Result "0-1"]
[WhiteElo "2033"]
[BlackElo "2252"]
[PlyCount "58"]
[EventDate "2023.09.21"]
[EventType "swiss"]
[EventRounds "11"]
[EventCountry "MEX"]
[Source "Mark Crowther"]
[SourceDate "2023.10.02"]

1. e4 c5 2. Nc3 d6 3. f4 g6 4. Nf3 Bg7 5. Bc4 Nc6 6. O-O e6 7. d3 Nge7 8. f5
exf5 9. Qe1 h6 10. Bd2 Ne5 11. Nxe5 dxe5 12. Be3 b6 13. exf5 Nxf5 14. Bd5 Rb8
15. g4 Nd6 16. Ne4 O-O 17. Qd2 Bxg4 18. Bxh6 Nf5 19. Bxg7 Kxg7 20. c4 Nd4 21.
Nf6 Bf5 22. Ne4 Qh4 23. Nd6 Be6 24. Bxe6 Nxe6 25. Qg2 Qd4+ 26. Qf2 Qxd6 27.
Qf6+ Kg8 28. Rf3 Qd4+ 29. Kh1 e4 0-1

[Event "Wch-U20"]
[Site "Mexico City MEX"]
[Date "2023.09.28"]
[Round "8.33"]
[White "Han, Johnathan"]
[Black "Montes Orozco, Miguel Angel"]
[Result "1-0"]
[WhiteElo "2252"]
[BlackElo "2083"]
[PlyCount "103"]
[EventDate "2023.09.21"]
[EventType "swiss"]
[EventRounds "11"]
[EventCountry "MEX"]
[Source "Mark Crowther"]
[SourceDate "2023.10.02"]

1. e4 e5 2. Nf3 Nc6 3. d4 exd4 4. Nxd4 Qf6 5. Nxc6 Bc5 6. Qf3 dxc6 7. Nc3 Be6
8. Be3 Bb4 9. Bd2 O-O-O 10. a3 Bc5 11. Be3 Bxe3 12. Qxe3 Kb8 13. Bd3 g5 14.
O-O-O Ne7 15. f3 Ng6 16. g3 Bh3 17. Be2 h5 18. Rxd8+ Rxd8 19. Rd1 b6 20. Rxd8+
Qxd8 21. Nd1 Qf6 22. Nf2 Bc8 23. Nd3 c5 24. f4 gxf4 25. Nxf4 h4 26. Nxg6 hxg3
27. Qxg3 fxg6 28. e5 Qf7 29. Bd3 Bf5 30. Qf3 Qe6 31. Ba6 c6 32. Qf4 Kc7 33. Bc4
Qe7 34. a4 a6 35. Bxa6 b5 36. a5 Qe6 37. b4 Kb8 38. c4 cxb4 39. Qd4 Qxc4+ 40.
Qxc4 bxc4 41. Bxc4 Kc7 42. h4 Kd7 43. e6+ Ke7 44. Kd2 Be4 45. Ke3 Bg2 46. a6 c5
47. Kf4 Kf6 48. a7 Ba8 49. Bb3 Bb7 50. Bc4 Ba8 51. e7 Kxe7 52. Ke5 1-0

[Event "Wch-U20"]
[Site "Mexico City MEX"]
[Date "2023.09.29"]
[Round "9.23"]
[White "Domalchuk-Jonasson, Aleksandr"]
[Black "Han, Johnathan"]
[Result "1/2-1/2"]
[WhiteElo "2407"]
[BlackElo "2252"]
[PlyCount "83"]
[EventDate "2023.09.21"]
[EventType "swiss"]
[EventRounds "11"]
[EventCountry "MEX"]
[Source "Mark Crowther"]
[SourceDate "2023.10.02"]

1. c4 Nf6 2. Nc3 e6 3. e4 c5 4. e5 Ng8 5. d4 cxd4 6. Qxd4 Nc6 7. Qf4 Nge7 8.
Nf3 Ng6 9. Qe4 d6 10. exd6 Bxd6 11. Bd2 O-O 12. O-O-O Qe7 13. h4 Rd8 14. h5
Nge5 15. g4 f5 16. gxf5 exf5 17. Qe2 Nxf3 18. Qxf3 Be6 19. Nd5 Qf7 20. Bc3 Be5
21. Rg1 Rac8 22. Kb1 h6 23. Be2 Bxc3 24. Qxc3 Bxd5 25. Rxd5 Rxd5 26. cxd5 Ne7
27. Qd4 Nxd5 28. Bd1 Nb6 29. Bb3 Nc4 30. a4 Nd2+ 31. Qxd2 Qxb3 32. Qd7 Qc2+ 33.
Ka1 Rc7 34. Rxg7+ Kh8 35. Rh7+ Kg8 36. Rg7+ Kh8 37. Rh7+ Kg8 38. Qxc7 Qxa4+ 39.
Kb1 Qd1+ 40. Ka2 Qa4+ 41. Kb1 Qd1+ 42. Ka2 1/2-1/2

[Event "Wch-U20"]
[Site "Mexico City MEX"]
[Date "2023.09.30"]
[Round "10.20"]
[White "Han, Johnathan"]
[Black "Stearman, Josiah"]
[Result "0-1"]
[WhiteElo "2252"]
[BlackElo "2468"]
[PlyCount "102"]
[EventDate "2023.09.21"]
[EventType "swiss"]
[EventRounds "11"]
[EventCountry "MEX"]
[Source "Mark Crowther"]
[SourceDate "2023.10.02"]

1. e4 c5 2. Nf3 d6 3. d4 cxd4 4. Nxd4 Nf6 5. Nc3 a6 6. Bg5 Nbd7 7. Qe2 h6 8.
Bh4 g6 9. f4 e5 10. fxe5 dxe5 11. O-O-O Qc7 12. Nb3 b5 13. Rxd7 Nxd7 14. Nd5
Qb8 15. Na5 Bb7 16. Nf6+ Nxf6 17. Bxf6 Qc7 18. Nxb7 Rh7 19. Qxb5+ axb5 20.
Bxb5+ Qd7 21. Bxd7+ Kxd7 22. Rd1+ Ke6 23. Bh4 g5 24. Bf2 f5 25. exf5+ Kxf5 26.
Nc5 Rxa2 27. Rd8 Ra1+ 28. Kd2 Bxc5 29. Bxc5 Rh1 30. h3 Rh2 31. Rf8+ Ke6 32. Rf2
g4 33. h4 g3 34. Re2 Rxh4 35. b4 Rd7+ 36. Kc3 Rg4 37. Kb3 h5 38. c4 Rd3+ 39.
Kc2 Rd8 40. Kb3 Rc8 41. Rc2 h4 42. Bg1 Re4 43. b5 Re1 44. Ba7 Rb1+ 45. Ka3 h3
46. gxh3 Ra1+ 47. Kb4 Rxa7 48. b6 Rg7 49. Rg2 Kd6 50. Kb5 Rc5+ 51. Ka6 Kc6 0-1

[Event "Wch-U20"]
[Site "Mexico City MEX"]
[Date "2023.10.01"]
[Round "11.32"]
[White "Loncke, Matthieu"]
[Black "Han, Johnathan"]
[Result "0-1"]
[WhiteElo "2136"]
[BlackElo "2252"]
[PlyCount "88"]
[EventDate "2023.09.21"]
[EventType "swiss"]
[EventRounds "11"]
[EventCountry "MEX"]
[Source "Mark Crowther"]
[SourceDate "2023.10.02"]

1. d4 Nf6 2. c4 e6 3. Nc3 Bb4 4. Qc2 c5 5. dxc5 O-O 6. Nf3 Na6 7. g3 Nxc5 8.
Bg2 Nce4 9. O-O Bxc3 10. bxc3 Qc7 11. Nd4 d5 12. cxd5 exd5 13. Ba3 Re8 14. Rfc1
Qe5 15. Qd3 b6 16. Rab1 Qh5 17. h4 Bd7 18. c4 Nxf2 19. Kxf2 Ng4+ 20. Kg1 Re3
21. Qd2 Qe5 22. Nf3 Qxg3 23. Qxd5 Rae8 24. Bd6 Qf2+ 25. Kh1 Rxe2 26. Rg1 Ne3
27. Qg5 h6 28. Qg3 Bc6 29. Qxf2 Rxf2 30. Rbe1 Nxg2 31. Rxe8+ Bxe8 32. Rxg2 Rxf3
33. Kh2 Bc6 34. Rc2 Ba4 35. Rg2 Bd7 36. Bb8 a6 37. Bc7 Rh3+ 38. Kg1 Rxh4 39.
Be5 g5 40. Rd2 Be6 41. Bd4 Bxc4 42. Bxb6 Be6 43. a3 Kh7 44. Rf2 Kg6 0-1

[Event "Olympiad U16"]
[Site "Eindhoven NED"]
[Date "2023.08.15"]
[Round "4.2"]
[White "Morkunas, Gustas"]
[Black "Han, Johnathan"]
[Result "0-1"]
[WhiteElo "2069"]
[BlackElo "2199"]
[PlyCount "100"]
[EventDate "2023.08.13"]
[EventType "team"]
[EventRounds "9"]
[EventCountry "NED"]
[Source "ChessMix"]
[SourceDate "2023.08.20"]
[WhiteTeam "Lithuania"]
[BlackTeam "Canada 1"]
[WhiteTeamCountry "LTU"]

1. e4 c5 2. Nf3 d6 3. d4 cxd4 4. Nxd4 Nf6 5. Nc3 a6 6. h3 e5 7. Nde2 h5 8. g3
Be6 9. Bg2 b5 10. a4 b4 11. Nd5 Nxd5 12. exd5 Bf5 13. c3 bxc3 14. Nxc3 Be7 15.
O-O Qc8 16. Kh2 Nd7 17. Be3 Rb8 18. Qe2 Nf6 19. a5 O-O 20. Na4 Rb5 21. Nb6 Qb8
22. Rfc1 Bd8 23. Ra4 Re8 24. Qd2 e4 25. Rc6 Nd7 26. Bf4 Ne5 27. Bxe5 Rxe5 28.
Qd4 Bf6 29. Qe3 Rxb2 30. Nc4 Rb3 31. Rb6 Rxb6 32. Nxb6 Qe8 33. Rc4 Kh7 34. Rc7
h4 35. g4 Bg6 36. Rc4 Bg5 37. Qe2 Qb5 38. Rc2 Qxa5 39. Nc4 Qa1 40. Bf1 Rxd5 41.
Ne3 Rd3 42. Ra2 Qe5+ 43. Kg1 Bxe3 44. fxe3 Qg3+ 45. Qg2 Qxe3+ 46. Kh1 Rd1 47.
Re2 Qf3 48. Kg1 Qxg2+ 49. Kxg2 d5 50. Ra2 e3 0-1

[Event "Olympiad U16"]
[Site "Eindhoven NED"]
[Date "2023.08.15"]
[Round "5.2"]
[White "Han, Johnathan"]
[Black "Palczert, Matyas"]
[Result "1/2-1/2"]
[WhiteElo "2199"]
[BlackElo "2163"]
[PlyCount "84"]
[EventDate "2023.08.13"]
[EventType "team"]
[EventRounds "9"]
[EventCountry "NED"]
[Source "ChessMix"]
[SourceDate "2023.08.20"]
[WhiteTeam "Canada 1"]
[BlackTeam "Hungary"]
[BlackTeamCountry "HUN"]

1. e4 c5 2. Nf3 d6 3. d4 cxd4 4. Nxd4 Nf6 5. Nc3 a6 6. Bg5 e6 7. f4 Be7 8. Qf3
Qc7 9. O-O-O Nbd7 10. g4 h6 11. Bxf6 Bxf6 12. h4 Nb6 13. g5 Bxd4 14. Rxd4 Qc5
15. Rd3 Bd7 16. Be2 O-O-O 17. Rhd1 Bc6 18. Rd4 d5 19. Qf2 Qa5 20. Kb1 Rd7 21.
a3 Qc5 22. exd5 Nxd5 23. Ne4 Qb6 24. Ka1 Ne7 25. gxh6 gxh6 26. Rxd7 Qxf2 27.
Nxf2 Bxd7 28. Ng4 Ng6 29. Ne5 Nxe5 30. fxe5 Rg8 31. Rf1 Rg2 32. Bd3 Rg4 33.
Rxf7 Rxh4 34. b4 Bc6 35. Kb2 Rh5 36. Rh7 Rxe5 37. Rxh6 Be4 38. Kc3 Bxd3 39.
cxd3 Re2 40. Rh7 Ra2 41. Kb3 Rd2 42. Kc3 Ra2 1/2-1/2

[Event "Olympiad U16"]
[Site "Eindhoven NED"]
[Date "2023.08.16"]
[Round "6.2"]
[White "Skreko, Igor"]
[Black "Han, Johnathan"]
[Result "0-1"]
[WhiteElo "1985"]
[BlackElo "2199"]
[PlyCount "112"]
[EventDate "2023.08.13"]
[EventType "team"]
[EventRounds "9"]
[EventCountry "NED"]
[Source "ChessMix"]
[SourceDate "2023.08.20"]
[WhiteTeam "Slovakia"]
[BlackTeam "Canada 1"]
[WhiteTeamCountry "SVK"]

1. d4 Nf6 2. c4 e6 3. Nf3 d5 4. Nc3 Be7 5. cxd5 exd5 6. Bg5 c6 7. Qc2 g6 8. e3
Bf5 9. Bd3 Bxd3 10. Qxd3 Nbd7 11. O-O O-O 12. Rab1 a5 13. h3 Re8 14. Bf4 Bf8
15. Nd2 Qe7 16. Rbe1 Ne4 17. f3 Nxd2 18. Qxd2 Bg7 19. e4 dxe4 20. fxe4 Rad8 21.
e5 Nxe5 22. Kh1 Qd7 23. Qe2 Qxd4 24. Bg5 Ra8 25. Ne4 Nd7 26. Rd1 Qxe4 27. Qxe4
Rxe4 28. Rxd7 f5 29. Rxb7 Rae8 30. Bd2 a4 31. Bc3 R8e7 32. Rxe7 Rxe7 33. Bxg7
Kxg7 34. Rf2 Rb7 35. Rc2 Rb6 36. Rc4 Rxb2 37. Rxa4 Kf6 38. Rc4 Rb6 39. g4 Ke5
40. gxf5 gxf5 41. Kg2 Kd5 42. Rc2 c5 43. Kf3 Kd4 44. Rd2+ Kc3 45. Rd5 c4 46.
Rxf5 Ra6 47. Rf7 h6 48. Kg4 Kd3 49. Rf3+ Ke2 50. Rc3 Rc6 51. Kh5 Kd2 52. Rg3 c3
53. Rg2+ Ke3 54. Rg3+ Kf2 55. Rxc3 Rxc3 56. h4 Kg3 0-1

[Event "Olympiad U16"]
[Site "Eindhoven NED"]
[Date "2023.08.17"]
[Round "7.2"]
[White "Han, Johnathan"]
[Black "Ahmad, Khagan"]
[Result "0-1"]
[WhiteElo "2199"]
[BlackElo "2163"]
[PlyCount "101"]
[EventDate "2023.08.13"]
[EventType "team"]
[EventRounds "9"]
[EventCountry "NED"]
[Source "ChessMix"]
[SourceDate "2023.08.20"]
[WhiteTeam "Canada 1"]
[BlackTeam "Azerbaijan"]
[BlackTeamCountry "AZE"]

1. e4 c5 2. Nf3 Nc6 3. d4 cxd4 4. Nxd4 Nf6 5. Nc3 e5 6. Ndb5 d6 7. Bg5 a6 8.
Na3 b5 9. Nd5 Be7 10. Bxf6 Bxf6 11. c3 Bg5 12. Nc2 Rb8 13. a4 bxa4 14. Ncb4
Nxb4 15. cxb4 O-O 16. Rxa4 a5 17. h4 Bh6 18. b5 Bd7 19. Nc3 d5 20. exd5 e4 21.
Rxe4 f5 22. Rd4 Re8+ 23. Be2 Rxb5 24. O-O Rxb2 25. Bc4 Kh8 26. d6 Qc8 27. Re1
Rxe1+ 28. Qxe1 Bd2 29. Rxd2 Rxd2 30. Qxd2 Qxc4 31. Nd5 Qb5 32. Qg5 h6 33. Qd8+
Kh7 34. Ne7 Be6 35. h5 Qd3 36. Qe8 Qd1+ 37. Kh2 Qxd6+ 38. g3 Qd7 39. Qf8 Qd1
40. Qe8 Qg4 41. Nc6 f4 42. Qg6+ Qxg6 43. hxg6+ Kxg6 44. Nxa5 fxg3+ 45. Kxg3 Bd5
46. Kf4 Kf6 47. Ke3 h5 48. Kd4 h4 49. Kxd5 h3 50. Nc4 h2 51. Kd4 0-1

[Event "Olympiad U16"]
[Site "Eindhoven NED"]
[Date "2023.08.17"]
[Round "8.2"]
[White "Han, Johnathan"]
[Black "Teh, Rui Gen"]
[Result "1/2-1/2"]
[WhiteElo "2199"]
[BlackElo "1724"]
[PlyCount "68"]
[EventDate "2023.08.13"]
[EventType "team"]
[EventRounds "9"]
[EventCountry "NED"]
[Source "ChessMix"]
[SourceDate "2023.08.20"]
[WhiteTeam "Canada 1"]
[BlackTeam "Australia 1"]

1. e4 c5 2. Nf3 g6 3. d4 cxd4 4. Nxd4 Nf6 5. Nc3 d6 6. Be3 Bg7 7. f3 a6 8. Qd2
h5 9. O-O-O b5 10. Kb1 Bb7 11. h3 Nbd7 12. Bd3 h4 13. Qf2 Qc7 14. Rhe1 Rb8 15.
Nce2 Ne5 16. Bg5 Nc4 17. Bxh4 O-O 18. g4 Rfc8 19. Bg3 Nd7 20. h4 Nc5 21. h5 Na4
22. hxg6 Ncxb2 23. gxf7+ Kxf7 24. e5 Nxd1 25. Rxd1 dxe5 26. Nf5 Qa5 27. c3
Nxc3+ 28. Nxc3 Qxc3 29. Nxg7 Kxg7 30. Qe3 Qb4+ 31. Ka1 Qc3+ 32. Kb1 Qb4+ 33.
Ka1 Qc3+ 34. Kb1 Qb4+ 1/2-1/2

[Event "Olympiad U16"]
[Site "Eindhoven NED"]
[Date "2023.08.18"]
[Round "9.2"]
[White "Schippke, Manon"]
[Black "Han, Johnathan"]
[Result "0-1"]
[WhiteElo "2120"]
[BlackElo "2199"]
[PlyCount "103"]
[EventDate "2023.08.13"]
[EventType "team"]
[EventRounds "9"]
[EventCountry "NED"]
[Source "ChessMix"]
[SourceDate "2023.08.20"]
[WhiteTeam "France"]
[BlackTeam "Canada 1"]
[WhiteTeamCountry "FRA"]

1. e4 c5 2. Nf3 d6 3. d4 cxd4 4. Nxd4 Nf6 5. Nc3 a6 6. Bc4 e6 7. a3 Be7 8. Be3
O-O 9. Qe2 b5 10. Ba2 Qc7 11. O-O-O Nc6 12. Nxc6 Qxc6 13. Bd4 Bb7 14. f3 Rac8
15. Kb1 Qc7 16. f4 e5 17. Bf2 exf4 18. g3 f3 19. Qxf3 Nxe4 20. Bd5 Nxc3+ 21.
Qxc3 Qxc3 22. bxc3 Bxd5 23. Rxd5 Rxc3 24. Re1 Bf6 25. Rxd6 Rxa3 26. Rxf6 gxf6
27. Bc5 Rf3 28. Bxf8 Kxf8 29. Kb2 a5 30. Rd1 a4 31. Rd4 a3+ 32. Ka2 Rc3 33. Rb4
Rxc2+ 34. Kxa3 Rxh2 35. Rxb5 Rh3 36. Rb3 h5 37. Kb2 Kg7 38. Rb5 Kg6 39. Rb8 Kg7
40. Rb5 Kh6 41. Kc2 Rxg3 42. Kd2 Rg5 43. Rb8 Re5 44. Rg8 h4 45. Kd3 Kh5 46. Kd4
h3 47. Rg7 Kh4 48. Rxf7 h2 49. Rxf6 Rh5 50. Rf1 Kg3 51. Ke3 h1=Q 52. Kd4 0-1

[Event "CAN op"]
[Site "Calgary CAN"]
[Date "2023.07.22"]
[Round "1.9"]
[White "Karmali, Hafiz"]
[Black "Han, Johnathan"]
[Result "0-1"]
[WhiteElo "1869"]
[BlackElo "2404"]
[PlyCount "86"]
[EventDate "2023.07.22"]
[EventType "swiss"]
[EventRounds "10"]
[EventCountry "CAN"]

1. d4 Nf6 2. c4 e6 3. Nc3 Bb4 4. e3 O-O 5. Bd3 d5 6. Nf3 b6 7. cxd5 exd5 8. O-O
Bb7 9. Bd2 a6 10. Rc1 Bd6 11. Ne2 Re8 12. Ng3 Nbd7 13. Re1 c5 14. Nf5 Bf8 15.
dxc5 bxc5 16. Qa4 g6 17. Ba5 Qc8 18. Ng3 Bc6 19. Qf4 Qb8 20. Qh4 Bg7 21. Bc3
Qb7 22. b3 a5 23. Rb1 d4 24. exd4 Bxf3 25. gxf3 Qxf3 26. Red1 Ng4 27. Nf1 cxd4
28. Be1 Nde5 29. Bb5 Qxd1 30. Rxd1 Nf3+ 31. Kg2 Nxh4+ 32. Kg3 Reb8 33. Bd3 Ne5
34. Kxh4 Nxd3 35. Rxd3 Rc8 36. Ng3 Rc2 37. a4 Rb2 38. Bd2 Rb8 39. Bxa5 R8xb3
40. Rxb3 Rxb3 41. Bd2 Rb2 42. Be1 d3 43. Ne4 Re2 0-1